Регионална библиотека "Любен Каравелов" - Русе

Нашата земя хубава (Запис номер 170880)

MARC детайли
000 -Лидер
Контролно поле с фиксирана дължина 01515nam a2200349 c 4500
003 - Код на организацията, давaща контролен номер
Контролно поле BLK
005 - Дата и час на последна редакция
Контролно поле 20220615143436.0
008 - Елементи от данни с фиксирана дължина
fixed length control field 180411b bul|||||r ||||||| ||bul||
010 ## - Наследен системен номер
LC control number KNG00179104000
040 ## - Източник на каталожния запис
Идентификатор на билиотеката - собственик на записа BLK
041 ## - Код за език
Код за езика на текст/звукозапис или на отделно заглавие Български
Код за езика КДБФ Български
080 ## - УДК
Текстов определител УДК География в основното училище. Методика на обучението по география
УДК код - определител по УДК 373.3.016:91
УДК - код + определител 373.3.016:91
080 ## - УДК
Текстов определител УДК География на България
УДК код - определител по УДК 913(497.2)
УДК - код + определител 913(497.2)
139 ## - Редно поле
Редна дума Нашата земя хубава
Авторски знак Наш - Н 37
245 10 - Сведения за заглавието
Заглавие Нашата земя хубава
Подзаглавни данни Четива по география за нач. уч-ще
Редно поле (дума) състав. Борис Балевски, Любен Константинов Мелнишки.
250 ## - Област на изданието
Сведения за изданието 2. доп. изд.
257 ## - Страна на издаване
Страна на създаване/издаване България
260 ## - Област на издателските данни
Име на издателя, разпространителя и проч. Нар. просв.
Година на издаване 1969
Място на издаване, разпространение и проч. София
300 ## - Физическа характеристика
Страници 240 с.
Размери/Мащаб 22 см
380 ## - Жанр
Жанр Обществени науки
500 ## - Общи забележки
Забележка 1. изд. 1963 под загл. България - нашата социалистическа Родина. - 20 077 тир.
650 #4 - Допълнително описание по предмет – тема
Основно описание – тема или топоним България
9 (RLIN) 241624
651 #4 - Допълнително описание по предмет - топоним
Географско понятие България
9 (RLIN) 241624
653 ## - Ключова дума – ненормативна
Ключова дума България
700 1# - Други автори (авторска отговорност)
Лично име Балевски, Борис
Автороска отговорност (Описва отношението между автора и произведението) състав.
9 (RLIN) 382731
700 1# - Други автори (авторска отговорност)
Лично име Мелнишки, Любен Константинов
Автороска отговорност (Описва отношението между автора и произведението) състав.
9 (RLIN) 377731
852 ## - Местоположение
Форматна сигнатура Цб 46904
Фондова буква Хранилище
856 4# - Електронен адрес и достъп
Електронен формат pdf - файл
856 4# - Електронен адрес и достъп
Електронен формат pdf - файл
999 ## - СИСТЕМНИ КОНТРОЛНИ НОМЕРА
Koha biblionumber 170880
Koha biblioitemnumber 170880
942 ## - АРТИКУЛИ
Вид на библиотечния материал Книги
Скрит в OPAC Не
Периодичен библиозапис Да
944 ## - СЪЗДАВАНЕ И РЕДАКЦИЯ на ЗАПИСА
Създаване/Редакция Създаване
Дата на регистрацията/редакция 05.08.2015
Статус, дата на статуса ф /
Служител, извършил регистрацията/редакцията Людмила_Стоянова
944 ## - СЪЗДАВАНЕ И РЕДАКЦИЯ на ЗАПИСА
Създаване/Редакция Редакция
Дата на регистрацията/редакция 05.08.2015
Статус, дата на статуса ф /
Служител, извършил регистрацията/редакцията Людмила_Стоянова
944 ## - СЪЗДАВАНЕ И РЕДАКЦИЯ на ЗАПИСА
Създаване/Редакция Редакция
Дата на регистрацията/редакция 2022-06-15
Служител, извършил регистрацията/редакцията ВП
999 ## - СИСТЕМНИ КОНТРОЛНИ НОМЕРА
Koha biblioitemnumber 170880
Наличности
Код за отписване Код за изгубен артикул Източник на класификационната схема Код за повреда Коз за рестрикции Код за отдаване Артикулен № Име на библиотеката - собственик Име на библиотеката, в която се намира в момента Статус (Текущо местоположение) Дата на вписване в системата Местоположение - отдел Цена в лева Инвентарен номер Систематично азбучна сигнатура Баркод Номер на екземпляра Цена в евро Служебна бележка Служебен тип на артикула
  Не е изгубен Universal Decimal Classification Не е повреден без рестрикции ползва се в читалня 290046 Регионална библиотека "Любен Каравелов" Русе Регионална библиотека "Любен Каравелов" Русе Хранилище 1969-01-01 Хранилище 0.70 52008 Цб 46904 120000052008 1 0.36 Дост: Dp Вид: Д N: стар фонд Дата: 01.01.1969 Книги
Изтеглен Не е изгубен Universal Decimal Classification Не е повреден без рестрикции заемане за дома 290047 Регионална библиотека "Любен Каравелов" Русе Регионална библиотека "Любен Каравелов" Русе Детски отдел 1969-01-01 Детски отдел 0.70 53619 ДН 372.891/Н 37 53619 2 0.36 Дост: Pk Вид: Ф N: стар фонд Дата: 01.01.1969 Дата инв: 24.08.2015 Бележки инв: Д2015 Книги
Vip Innovations Ltd, Rousse, Bulgaria 2025